Famous Jewish People Quiz Stats

Quiz Updated Apr 23, 2016

Also try: Fictional Jews
Challenge
Share
Tweet
Score 0/20 Timer 07:00
2 Plays Today
% Correct
Adam Sandler
97.4%
Albert Einstein
93.9%
Steven Spielberg
81%
Woody Allen
79.7%
Mila Kunis
78.4%
Barbra Streisand
78%
Gwyneth Paltrow
75.8%
Natalie Portman
75.5%
James Franco
74.9%
Bob Dylan
70.7%
% Correct
Joseph Gordon-Levitt
70.2%
William Shatner
69.6%
Marx Brothers
69.4%
Jesse Eisenberg
67.5%
Jake Gyllenhaal
64.1%
Seth Green
60.3%
Scarlett Johansson
60%
Alicia Silverstone
48.8%
Andrew Garfield
44.1%
Lauren Bacall
38.5%

You're not logged in!

Compare scores with friends on all Sporcle quizzes.
Sign Up with Email
OR
Log In

You Might Also Like...

Show Comments

Extras

Top Quizzes Today


Score Distribution

Your Account Isn't Verified!

In order to create a playlist on Sporcle, you need to verify the email address you used during registration. Go to your Sporcle Settings to finish the process.

Report this User

Report this user for behavior that violates our Community Guidelines.

Details: